000
00424nam a2200157Ia 4500
008
100122s9999 xx 000 0 und d
082
_b
31264
_a
823
100
_a
भागवत शशी
245
_a
मर्मभेद
250
_a
2
260
_b
मॅजेस्टिक प्रकाशन
_c
1979
300
_a
263
630
_a
मर्मभेद
730
_a
मर्मभेद
942
_c
BOOK
999
_c
415907
_d
415904